00805nam a22002057a 4500003000900000008004100009020001800050040007100068082001600139100001700155245008800172260003900260300002900299505014700328650003000475650002700505650003000532650002000562650001700582AR-CdUCM190320b ||||| |||| 00| 0 spa d a9786120002834 aMUNICIPALIDAD PROVINCIAL DEL CUSCOcBIBLIOTECA MUNICIPAL DEL CUSCO a121 / bP57 aPilco Loaiza aEstructura y dinámica de la ciencia : buna aproximación a la epistemología / aCusco : bCausa Educativa, c2010. a294 páginas ; c26 cm. aContenido: Aproximación a la epistemología -- Horizonte de la ciencia -- Consolidación de la ciencia -- Investigación científica ... aCiencia - Epistemología aCiencia - Metología  aTeoría del conocimiento aInvestigación aTecnología